Malnutrition among older adults admitted to Fann University Hospital: A retrospective study of prevalence and associated factors from 2021 to 2022 (notice n° 1741424)
[ vue normale ]
| 000 -LEADER | |
|---|---|
| fixed length control field | 02492cam a2200217 4500500 |
| 005 - DATE AND TIME OF LATEST TRANSACTION | |
| control field | 20260322004552.0 |
| 041 ## - LANGUAGE CODE | |
| Language code of text/sound track or separate title | fre |
| 042 ## - AUTHENTICATION CODE | |
| Authentication code | dc |
| 100 10 - MAIN ENTRY--PERSONAL NAME | |
| Personal name | Ouedraogo, Louis Sylvain Peng-Wendé |
| Relator term | author |
| 245 00 - TITLE STATEMENT | |
| Title | Malnutrition among older adults admitted to Fann University Hospital: A retrospective study of prevalence and associated factors from 2021 to 2022 |
| 260 ## - PUBLICATION, DISTRIBUTION, ETC. | |
| Date of publication, distribution, etc. | 2025.<br/> |
| 500 ## - GENERAL NOTE | |
| General note | 37 |
| 520 ## - SUMMARY, ETC. | |
| Summary, etc. | Introduction Malnutrition is highly prevalent among older adults hospitalized in the acute geriatric ward at Fann University Hospital, Dakar, Senegal. However, data on the prevalence and risk factors of malnutrition in hospitalized older patients in sub-Saharan Africa are limited. The aim of this study was to assess the prevalence of malnutrition and identify its risk factors in older adults admitted to the acute geriatric ward at Fann University Hospital in Dakar, Senegal. Methods A retrospective analytical study was conducted on 375 patients aged 60 and over, admitted to the acute geriatric ward between January 2021 and December 2022. Data on sociodemographic characteristics, medical history, geriatric syndromes, and nutritional status were collected from medical records. Malnutrition was assessed using the Mini Nutritional Assessment (MNA). A bivariate analysis was performed to explore the association between malnutrition and potential risk factors. Results The prevalence of malnutrition was 72% (n = 270). Malnutrition was significantly associated with female sex (p = 0.019), presence of multiple comorbidities (p < 0.001), functional dependence (p = 0.007), immobilization syndrome (p = 0.016), and pressure ulcers (p = 0.016). Conclusion Malnutrition is highly prevalent among older adults hospitalized in the acute geriatric ward at Fann University Hospital, Dakar, Senegal. This study identified several factors significantly associated with malnutrition, highlighting the need for increased awareness and targeted interventions to address this important geriatric syndrome. |
| 700 10 - ADDED ENTRY--PERSONAL NAME | |
| Personal name | Sall, Assane |
| Relator term | author |
| 700 10 - ADDED ENTRY--PERSONAL NAME | |
| Personal name | Diajete, Rokhaya |
| Relator term | author |
| 700 10 - ADDED ENTRY--PERSONAL NAME | |
| Personal name | Ba, Massamba |
| Relator term | author |
| 700 10 - ADDED ENTRY--PERSONAL NAME | |
| Personal name | Toure, Elsa Maimouna |
| Relator term | author |
| 700 10 - ADDED ENTRY--PERSONAL NAME | |
| Personal name | Coumé, Mamadou |
| Relator term | author |
| 786 0# - DATA SOURCE ENTRY | |
| Note | Gériatrie et Psychologie Neuropsychiatrie du Vieillissement | 23 | 1 | 2025-04-15 | p. 98-103 | 2115-8789 |
| 856 41 - ELECTRONIC LOCATION AND ACCESS | |
| Uniform Resource Identifier | <a href="https://stm.cairn.info/journal-geriatrie-et-psychologie-neuropsychiatrie-du-vieillissement-2025-1-page-98?lang=en&redirect-ssocas=7080">https://stm.cairn.info/journal-geriatrie-et-psychologie-neuropsychiatrie-du-vieillissement-2025-1-page-98?lang=en&redirect-ssocas=7080</a> |
Pas d'exemplaire disponible.




Réseaux sociaux